Využitie analýzy hlavných komponentov pri riešení úloh z oblasti ekonómie

Analýza hlavných komponentov predstavuje použitie metód, ktoré vychádzajú z pôvodného súboru premenných a na základe analýzy ich kovariačných, resp. korelačných matíc ich transformujú do menšieho počtu latentných premenných. Od tejto metódy očakávame, aby nové premenné vyčerpali maximum celkového ro...

Full description

Saved in:
Bibliographic Details
Main Author: Megyesiová, Silvia, 1969-
Format: Book Chapter
Language:Slovak
Subjects:
Tags: Add Tag
No Tags, Be the first to tag this record!

MARC

LEADER 00000nla$a2200000$$$4500
001 0125718
005 20240611074253.7
041 0 |a slo 
044 |a CZ 
245 1 0 |a Využitie analýzy hlavných komponentov pri riešení úloh z oblasti ekonómie  |c Silvia Megyesiová 
520 |a Analýza hlavných komponentov predstavuje použitie metód, ktoré vychádzajú z pôvodného súboru premenných a na základe analýzy ich kovariačných, resp. korelačných matíc ich transformujú do menšieho počtu latentných premenných. Od tejto metódy očakávame, aby nové premenné vyčerpali maximum celkového rozptylu pôvodných premenných, resp. aby maximálne reprodukovali kovariačnú maticu pôvodných premenných. 
610 2 0 |a metódy štatistické 
610 2 0 |a analýza korelačná 
610 2 0 |a analýza faktorová 
610 2 0 |a matice 
100 1 |a Megyesiová, Silvia, 1969-